[Event "FICGS class A 000019 email"]
[Site "FICGS email"]
[Date "2007.03.19"]
[Round "1"]
[White "Borisovs, Leonids"]
[Black "Listewnik, Zbigniew"]
[Result "1-0"]
[WhiteElo "2099"]
[BlackElo "2190"]
[PlyCount "23"]
[EventDate "2007.??.??"]
[EventType "tourn (corr)"]
[EventRounds "6"]
[SourceTitle "Corr 2022"]
[Source "ChessBase"]
[SourceDate "2021.10.24"]
[SourceVersion "1"]
[SourceVersionDate "2021.10.24"]
[SourceQuality "1"]

1. e4 c5 2. Nf3 d6 3. d4 cxd4 4. Nxd4 Nf6 5. Nc3 a6 6. Be3 e5 7. Nb3 Be6 8. f3 Be7 9. Qd2 0-0 10. g4 d5 11. exd5 Nxd5 12. Nxd5 1-0

[Event "FICGS rapid A 000014 email"]
[Site "FICGS email"]
[Date "2007.02.14"]
[Round "1"]
[White "Kuuse, Klaus"]
[Black "Listewnik, Zbigniew"]
[Result "1-0"]
[WhiteElo "1959"]
[BlackElo "2190"]
[PlyCount "41"]
[EventDate "2007.??.??"]
[EventType "tourn (rapid)"]
[EventRounds "6"]
[SourceTitle "Corr 2022"]
[Source "ChessBase"]
[SourceDate "2021.10.24"]
[SourceVersion "1"]
[SourceVersionDate "2021.10.24"]
[SourceQuality "1"]

1. e4 c5 2. Nf3 d6 3. d4 cxd4 4. Nxd4 Nf6 5. Nc3 a6 6. Bg5 e6 7. f4 Qb6 8. Qd2 Qxb2 9. Rb1 Qa3 10. f5 Nc6 11. fxe6 fxe6 12. Nxc6 bxc6 13. e5 dxe5 14. Bxf6 gxf6 15. Ne4 Be7 16. Be2 h5 17. Rb3 Qa4 18. Nxf6+ Bxf6 19. c4 Bh4+ 20. g3 Be7 21. 0-0 1-0

[Event "FICGS class A 000015 email"]
[Site "FICGS email"]
[Date "2007.02.10"]
[Round "1"]
[White "Listewnik, Zbigniew"]
[Black "Lubson, Paul"]
[Result "1-0"]
[WhiteElo "2190"]
[BlackElo "2032"]
[PlyCount "33"]
[EventDate "2007.??.??"]
[EventType "tourn (corr)"]
[EventRounds "6"]
[SourceTitle "Corr 2022"]
[Source "ChessBase"]
[SourceDate "2021.10.24"]
[SourceVersion "1"]
[SourceVersionDate "2021.10.24"]
[SourceQuality "1"]

1. e4 e5 2. Nf3 Nc6 3. Bb5 a6 4. Ba4 Nf6 5. 0-0 Nxe4 6. d4 b5 7. Bb3 d5 8. dxe5 Be6 9. Nbd2 Be7 10. c3 0-0 11. Bc2 Bf5 12. Nd4 Nxd4 13. cxd4 Qd7 14. Nb3 a5 15. f3 Ng5 16. Bxg5 Bxg5 17. Bd3 1-0